[Event "Asia-ch Amateur"]
[Site "Muscat"]
[Date "2022.10.05"]
[Round "9"]
[White "Sharma, Pankaj1111"]
[Black "Vijay, Chauhan"]
[Result "1/2-1/2"]
[WhiteElo "1764"]
[BlackElo "1526"]
[PlyCount "185"]
[EventDate "2022.09.29"]
[EventType "swiss"]
[EventRounds "9"]
[EventCountry "OMN"]
[SourceTitle "CBM 210 Extra"]
[Source "ChessBase"]
[SourceDate "2022.11.30"]
[SourceVersion "1"]
[SourceVersionDate "2022.11.30"]
[SourceQuality "1"]

1. e4 c6 2. c4 d5 3. exd5 cxd5 4. cxd5 Qxd5 5. Nc3 Qa5 6. Bc4 e6 7. Nf3 Nf6 8. 0-0 Be7 9. d4 0-0 10. a3 Nbd7 11. Bd2 Qh5 12. Ne5 Qxd1 13. Rfxd1 Nb6 14. Ba2 h6 15. Rac1 a6 16. g4 Rd8 17. g5 hxg5 18. Bxg5 Kf8 19. Ne2 Nfd5 20. Bd2 a5 21. Nc3 Nf6 22. Bg5 Nfd5 23. Bxe7+ Nxe7 24. Rd3 f6 25. Nc4 Nbd5 26. Ne3 Nf4 27. Rd2 Ra6 28. d5 exd5 29. Ncxd5 Nfxd5 30. Bxd5 Rad6 31. Rdc2 Nxd5 32. Rxc8 Nxe3 33. Rxd8+ Rxd8 34. fxe3 Ke7 35. Rc2 g5 36. Kf2 Ke6 37. Kf3 Rd1 38. a4 Rf1+ 39. Ke2 Ra1 40. Rc7 Rxa4 41. Rxb7 Rh4 42. Rb6+ Kf7 43. Rb5 Rxh2+ 44. Kf3 Kg6 45. Rxa5 Rxb2 46. Ra6 Rb1 47. Kf2 g4 48. Kg3 Rb4 49. Kf2 Re4 50. Ra8 Kf5 51. Ra7 Re5 52. Rg7 Re8 53. Ra7 Kg6 54. Ra4 Kg5 55. Ra7 Rh8 56. Ra5+ Kg6 57. Kg3 f5 58. Kf4 Rh3 59. Ra6+ Kf7 60. Kxf5 g3 61. Ra7+ Ke8 62. Rg7 Kf8 63. Rg4 Kf7 64. e4 Ke7 65. e5 Rh5+ 66. Ke4 Rh2 67. Rg7+ Ke6 68. Rg6+ Ke7 69. Rxg3 Re2+ 70. Kf4 Rf2+ 71. Ke3 Ra2 72. Kd4 Rd2+ 73. Ke4 Re2+ 74. Kd4 Rd2+ 75. Ke3 Ra2 76. Rg6 Ra4 77. Rf6 Rb4 78. Ra6 Rh4 79. Rd6 Ra4 80. Rd4 Rxd4 81. Kxd4 Ke6 82. Ke4 Ke7 83. Kf5 Kf7 84. e6+ Ke7 85. Ke5 Ke8 86. Kd5 Ke7 87. Ke5 Ke8 88. Kd6 Kd8 89. Kd5 Ke7 90. Ke5 Ke8 91. Kf6 Kf8 92. e7+ Ke8 93. Ke6 1/2-1/2

[Event "Asia-ch Amateur"]
[Site "Muscat"]
[Date "2022.10.04"]
[Round "8"]
[White "Vijay, Chauhan"]
[Black "Muhammed, Zahid"]
[Result "1-0"]
[WhiteElo "1526"]
[BlackElo "1677"]
[PlyCount "45"]
[EventDate "2022.09.29"]
[EventType "swiss"]
[EventRounds "9"]
[EventCountry "OMN"]
[SourceTitle "CBM 210 Extra"]
[Source "ChessBase"]
[SourceDate "2022.11.30"]
[SourceVersion "1"]
[SourceVersionDate "2022.11.30"]
[SourceQuality "1"]

1. d4 Nf6 2. Nf3 e6 3. Bf4 d5 4. e3 Bd6 5. Bg3 0-0 6. Bd3 c5 7. c3 Nc6 8. Nbd2 cxd4 9. exd4 Qc7 10. 0-0 Bxg3 11. hxg3 Re8 12. Re1 Bd7 13. Ne5 Rac8 14. g4 h6 15. f4 g5 16. Qf3 Nxe5 17. fxe5 Nh7 18. Bxh7+ Kxh7 19. Qxf7+ Kh8 20. Qg6 Qd8 21. Qxh6+ Kg8 22. Qg6+ Kh8 23. Re3 1-0

[Event "Asia-ch Amateur"]
[Site "Muscat"]
[Date "2022.10.02"]
[Round "5"]
[White "Vijay, Chauhan"]
[Black "Ranjith, RK."]
[Result "1-0"]
[WhiteElo "1526"]
[BlackElo "1706"]
[PlyCount "95"]
[EventDate "2022.09.29"]
[EventType "swiss"]
[EventRounds "9"]
[EventCountry "OMN"]
[SourceTitle "CBM 210 Extra"]
[Source "ChessBase"]
[SourceDate "2022.11.30"]
[SourceVersion "1"]
[SourceVersionDate "2022.11.30"]
[SourceQuality "1"]

1. d4 e6 2. Nf3 f5 3. g3 Nf6 4. Bg2 d5 5. 0-0 Bd6 6. b3 Qe7 7. a4 Nbd7 8. a5 c6 9. Ba3 Bxa3 10. Rxa3 e5 11. dxe5 Nxe5 12. Qd4 Nxf3+ 13. exf3 c5 14. Qd2 0-0 15. Re1 Be6 16. b4 Rae8 17. Rae3 Qd7 18. bxc5 Bf7 19. Qb4 Qc7 20. Rxe8 Bxe8 21. Nd2 f4 22. g4 Bg6 23. Nb3 Re8 24. Rxe8+ Bxe8 25. Bf1 g5 26. Nd4 Kf7 27. Bd3 Bc6 28. Bb5 Bd7 29. Bd3 Qe5 30. Qxb7 Qxd4 31. c6 Qa1+ 32. Kg2 Qxa5 33. cxd7 Ke7 34. Qc8 Nxd7 35. Qg8 Qc5 36. Qxg5+ Ke6 37. Qf5+ Kd6 38. Qxf4+ Kc6 39. Qa4+ Kd6 40. Bf5 Nf6 41. Qa6+ Qb6 42. Qc8 Ke5 43. Qc3+ Kf4 44. h4 h5 45. Qd2+ Ke5 46. Kg3 Qd4 47. f4+ Qxf4+ 48. Qxf4# 1-0

[Event "Asia-ch Amateur"]
[Site "Muscat"]
[Date "2022.09.30"]
[Round "2"]
[White "Shreyas, Seshadri Nallore"]
[Black "Vijay, Chauhan"]
[Result "1-0"]
[WhiteElo "1791"]
[BlackElo "1526"]
[PlyCount "115"]
[EventDate "2022.09.29"]
[EventType "swiss"]
[EventRounds "9"]
[EventCountry "OMN"]
[SourceTitle "CBM 210 Extra"]
[Source "ChessBase"]
[SourceDate "2022.11.30"]
[SourceVersion "1"]
[SourceVersionDate "2022.11.30"]
[SourceQuality "1"]

1. Nf3 Nf6 2. b3 g6 3. Bb2 Bg7 4. e3 b6 5. d4 0-0 6. Bd3 Bb7 7. Nbd2 d5 8. c4 c6 9. 0-0 Nbd7 10. Qe2 Nh5 11. cxd5 cxd5 12. Rac1 Rc8 13. Rxc8 Qxc8 14. Ba3 Re8 15. Rc1 Qb8 16. Bb5 Qd8 17. h3 Rf8 18. Ba6 Qb8 19. Bxe7 Rc8 20. Rxc8+ Qxc8 21. Bxb7 Qxb7 22. Qb5 a6 23. Qb4 Nhf6 24. Bxf6 Bxf6 25. Qd6 Kg7 26. g4 h6 27. h4 Bd8 28. Kg2 b5 29. g5 h5 30. Ne5 Nxe5 31. Qxe5+ f6 32. Qe8 Qe7 33. Qxe7+ Bxe7 34. gxf6+ Kxf6 35. Kg3 Kf5 36. Kh3 a5 37. a4 b4 38. Kg3 Bd6+ 39. Kh3 Be7 40. f3 Bf8 41. Nf1 Bh6 42. Ng3+ Ke6 43. e4 Be3 44. Ne2 Bf2 45. Nf4+ Kf7 46. Nxd5 Bxd4 47. Kg3 Ke6 48. Kf4 Kf7 49. Kg5 Bc3 50. f4 Bd4 51. f5 gxf5 52. Kxf5 Bf2 53. Nf4 Bxh4 54. Nxh5 Ke7 55. e5 Bf2 56. Nf6 Bd4 57. Ke4 Bb6 58. Nd5+ 1-0